000 01617cam a22003977a 4500
999 _c478655
_d478655
001 17160836
003 NUST
005 20180627105209.0
008 120127s2012 enk b 001 0 eng d
010 _a 2012358386
015 _aGBB165752
_2bnb
016 7 _a015817429
_2Uk
020 _a9781849041546 (hbk.)
020 _a1849041547 (hbk.)
035 _a(OCoLC)ocn751807166
038 _aArshad
040 _aUKMGB
_beng
_cUKMGB
_dYDXCP
_dCDX
_dBWK
_dNBU
_dDLC
042 _alccopycat
050 0 0 _aDS371.3
_b.S758 2012b
082 0 4 _a958.1046
_bLIN
100 1 _aStrick van Linschoten, Alex.
_911299
245 1 3 _aAn enemy we created :
_bthe myth of the Taliban-Al-Qaeda merger in Afghanistan, 1970-2010 /
_cAlex Strick van Linschoten and Felix Kuehn.
246 3 0 _aMyth of the Taliban-Al-Qaeda merger in Afghanistan, 1970-2010
260 _aLondon :
_bHurst & Company,
_c2012.
300 _aix, 538 p. ;
_c22 cm.
504 _aIncludes bibliographical references (p. 495-523) and index.
505 0 _aIntroducing TalQaeda -- Forebears (1970-1979) -- Jihad (1979-1990) -- Rethink (1990-1994) -- A bone in the throat (1998-2001) -- September 11, 2001 -- Collapse (2001-2003) -- Redux (2003-2009) -- The forge (2010) -- Conclusion.
610 2 0 _aTaliban.
_911300
610 2 0 _aQaida (Organization)
_911301
651 0 _aAfghanistan
_xHistory
_y1989-2001.
_911302
651 0 _aAfghanistan
_xHistory
_y2001-
_911303
700 1 _aKuehn, Felix,
_d1979-
_911304
906 _a7
_bcbc
_ccopycat
_d2
_encip
_f20
_gy-gencatlg
942 _2ddc
_cBK